Acquanera

Saved in:
Bibliografiske detaljer
Hovedforfatter: Valentina D'urbano
Format: Bog
Sprog:ukendt sprog
Udgivet: Longanesi
Tags: Tilføj Tag
Ingen Tags, Vær først til at tagge denne postø!

MARC

LEADER 00000nam a2200000Ia 4500
001 R-853
003 CODICE-MESSINA
005 20260212102458.0
008 260211s9999 xx 000 0 und d
040 |c importazione_messina 
100 |a Valentina D'urbano 
245 0 |a Acquanera 
260 |b Longanesi 
942 |2 ddc  |c BK 
952 |0 0  |1 0  |2 ddc  |4 0  |6 SCAFFALE_8_000000000000000__ROMANZI  |7 0  |9 31680  |a ME  |b ME  |d 2026-02-11  |l 0  |o SCAFFALE 8 - ROMANZI  |p R-853  |r 2026-02-11 23:52:42  |w 2026-02-11  |x [REVISIONARE]  |y BK 
999 |c 27345  |d 27345